Materials and design : (Record no. 25628)
[ view plain ]
| 000 -LEADER | |
|---|---|
| fixed length control field | 01525cam a22003015a 4500 |
| 001 - CONTROL NUMBER | |
| control field | 13711672 |
| 005 - DATE AND TIME OF LATEST TRANSACTION | |
| control field | 20201128024205.0 |
| 008 - FIXED-LENGTH DATA ELEMENTS--GENERAL INFORMATION | |
| fixed length control field | 040907r20082002enka frb 001 0 eng d |
| 020 ## - INTERNATIONAL STANDARD BOOK NUMBER | |
| International Standard Book Number | 0750655542 |
| 020 ## - INTERNATIONAL STANDARD BOOK NUMBER | |
| International Standard Book Number | 9780750655545 |
| 040 ## - CATALOGING SOURCE | |
| Original cataloging agency | UKM |
| Transcribing agency | UKM |
| Modifying agency | C#P |
| -- | DAY |
| -- | EZU |
| -- | DLC |
| -- | EG-ScBUE |
| Language of cataloging | eng |
| 082 04 - DEWEY DECIMAL CLASSIFICATION NUMBER | |
| Edition number | 22 |
| Classification number | 620.11 |
| Item number | ASH |
| 100 1# - MAIN ENTRY--PERSONAL NAME | |
| Personal name | Ashby, M. F. |
| 9 (RLIN) | 11151 |
| 245 10 - TITLE STATEMENT | |
| Title | Materials and design : |
| Remainder of title | the art and science of material selection in product design / |
| Statement of responsibility, etc | Mike Ashby and Kara Johnson. |
| 250 ## - EDITION STATEMENT | |
| Edition statement | Reprint ed. |
| 260 ## - PUBLICATION, DISTRIBUTION, ETC. (IMPRINT) | |
| Place of publication, distribution, etc | Oxford ; |
| -- | Boston : |
| Name of publisher, distributor, etc | Butterworth-Heinemann, |
| Date of publication, distribution, etc | 2008. |
| 300 ## - PHYSICAL DESCRIPTION | |
| Extent | vii, 336 p. : |
| Other physical details | ill. (some col.) ; |
| Dimensions | 25 cm. |
| 500 ## - GENERAL NOTE | |
| General note | Reprinted of 2002 ed. |
| 504 ## - BIBLIOGRAPHY, ETC. NOTE | |
| Bibliography, etc | Includes bibliographical references and index. |
| 505 0# - FORMATTED CONTENTS NOTE | |
| Formatted contents note | Function and personality -- What influences product design? -- Design and designing -- The stuff... multidimensional materials -- Other stuff... shaping, joining, and surfaces -- Form follows material -- A structure for material selection -- Case studies in materials and design -- New Materials: the potential for innovation -- Conclusions -- A PRACTICAL REFERENCE FOR INSPIRATION: Material profiles -- Shaping profiles -- Joining profiles -- Surface profiles -- APPENDICES: Exercises for the eye and mind -- Select material maps. |
| 650 #7 - SUBJECT ADDED ENTRY--TOPICAL TERM | |
| Topical term or geographic name as entry element | Materials. |
| Source of heading or term | BUEsh |
| 9 (RLIN) | 1256 |
| 650 #7 - SUBJECT ADDED ENTRY--TOPICAL TERM | |
| Topical term or geographic name as entry element | Industrial design. |
| Source of heading or term | BUEsh |
| 9 (RLIN) | 11153 |
| 650 #7 - SUBJECT ADDED ENTRY--TOPICAL TERM | |
| Topical term or geographic name as entry element | Product design. |
| Source of heading or term | BUEsh |
| 9 (RLIN) | 39073 |
| 651 ## - SUBJECT ADDED ENTRY--GEOGRAPHIC NAME | |
| Source of heading or term | BUEsh |
| 653 ## - INDEX TERM--UNCONTROLLED | |
| Resource For college | Generalities |
| Arrived date list | November2017 |
| 700 1# - ADDED ENTRY--PERSONAL NAME | |
| Personal name | Johnson, Kara |
| 9 (RLIN) | 11154 |
| 942 ## - ADDED ENTRY ELEMENTS (KOHA) | |
| Source of classification or shelving scheme | Dewey Decimal Classification |
| Withdrawn status | Item status | Source of classification or shelving scheme | Damaged status | Not for loan | Home library | Current library | Shelving location | Date acquired | Source of acquisition | Total Checkouts | Full call number | Barcode | Date last seen | Koha item type |
|---|---|---|---|---|---|---|---|---|---|---|---|---|---|---|
| Dewey Decimal Classification | Central Library | Central Library | First floor | 20/11/2017 | Purchase | 620.11 ASH | 000019184 | 15/07/2025 | Book - Borrowing |